000 00746nam a2200229 a 4500
001 57092
005 20180714053149.0
008 140415s2004 xxua 000 0 spa d
020 _a0-415-93164-9
041 _aspa
082 0 _a304.28
_bMER
100 1 _aMerchant, Carolyn
_eautor
245 1 0 _aReinventing eden :
_bthe fate of nature in western culture /
_cCarolyn Merchant.
250 _a1a ed.
264 1 _aEstados Unidos de América :
_bTaylor and Francis,
_c2000
300 _axii, 308 páginas :
_bilustraciones ;
_c23 cm.
336 _atexto
_2rdacontent
337 _asin mediación
_2rdamedia
338 _avolumen
_2rdacarrier
650 0 4 _aEcología humana
_xFilosofía
650 0 4 _aEcología humana
_xHistoría
999 _c57092
_d57092